| 000 | 00833aam a2200277 4500 | ||
|---|---|---|---|
| 005 | 20211207142958.0 | ||
| 008 | 150608b xxu||||| |||| 00| 0 spa d | ||
| 041 | _aEspañol | ||
| 082 | _a657 A445g | ||
| 100 |
_aÁlvarez González, Alfonso _923821 |
||
| 245 | _aGestión contable bajo US GAAP: guía práctica | ||
| 260 |
_aMéxico _bAlfaomega _c2006 |
||
| 300 | _a303 páginas | ||
| 650 |
_aCONTABILIDAD _92655 |
||
| 650 |
_aUS GAAP _923822 |
||
| 650 |
_aPRINCIPIOS CONTABLES _923823 |
||
| 650 |
_aCUENTA DE RESULTADOS _923824 |
||
| 650 |
_aBALANZA GENERAL _923825 |
||
| 650 |
_aESTADOS DE FLUJO _912626 |
||
| 650 |
_aTRATAMIENTO CONTABLE _923826 |
||
| 650 |
_aOPERACIÓN DE ARRENDAMIENTO _923827 |
||
| 650 |
_aLARGO PLAZO _923828 |
||
| 650 |
_aPROVICIONES _911706 |
||
| 650 |
_aANÁLISIS COMPARADO _923829 |
||
| 942 | _cBK | ||
| 999 |
_c2714 _d2714 |
||